Little Muslim, tell me, what do you see? : (Record no. 191709)

MARC details
000 -LEADER
fixed length control field 01006nam a2200289 i 4500
003 - CONTROL NUMBER IDENTIFIER
control field OSt
005 - DATE AND TIME OF LATEST TRANSACTION
control field 20230313151916.0
008 - FIXED-LENGTH DATA ELEMENTS--GENERAL INFORMATION
fixed length control field 230313s2022 my a a 000 0 eng d
020 ## - INTERNATIONAL STANDARD BOOK NUMBER
International Standard Book Number 9789671979129
Terms of availability RM44.90
Qualifying information hardback
040 ## - CATALOGING SOURCE
Original cataloging agency PPAK
Language of cataloging eng
Transcribing agency PPAK
Description conventions rda
082 04 - DEWEY DECIMAL CLASSIFICATION NUMBER
Edition number 23
Classification number 372.21
090 00 - LOCALLY ASSIGNED LC-TYPE CALL NUMBER (OCLC); LOCAL CALL NUMBER (RLIN)
Classification number (OCLC) (R) ; Classification number, CALL (RLIN) (NR) 372.21
Feature heading ATH
Feature heading K
100 1# - MAIN ENTRY--PERSONAL NAME
Personal name Athirah Zainal,
Dates associated with a name 1988-
Relator term author.
245 10 - TITLE STATEMENT
Title Little Muslim, tell me, what do you see? :
Remainder of title Forest /
Statement of responsibility, etc. Written and Illustrated by Athirah Zainal ; Edited by Faiz Fudzaili
264 #1 - PRODUCTION, PUBLICATION, DISTRIBUTION, MANUFACTURE, AND COPYRIGHT NOTICE
Place of production, publication, distribution, manufacture Dungun, Terengganu :
Name of producer, publisher, distributor, manufacturer Oliek Bok,
Date of production, publication, distribution, manufacture, or copyright notice [2022?]
300 ## - PHYSICAL DESCRIPTION
Extent 1 volume (unpages) :
Other physical details color illustrations ;
Dimensions 18 X 18 cm
336 ## - CONTENT TYPE
Content type term text
Source rdacontent
337 ## - MEDIA TYPE
Media type term unmediated
Source rdamedia
338 ## - CARRIER TYPE
Carrier type term volume
Source rdacarrier
500 ## - GENERAL NOTE
General note Touch and feel book -- Cover
650 10 - SUBJECT ADDED ENTRY--TOPICAL TERM
Topical term or geographic name entry element Early childhood education
Topical term or geographic name entry element Education, Preschool
Topical term or geographic name entry element Forests and forestry
Form subdivision Juvenile literature
655 #7 - INDEX TERM--GENRE/FORM
Genre/form data or focus term Board books
700 0# - ADDED ENTRY--PERSONAL NAME
Personal name Faiz Fudzaili,
Dates associated with a name 1989-
Relator term editor.
942 ## - ADDED ENTRY ELEMENTS (KOHA)
Source of classification or shelving scheme Dewey Decimal Classification
Koha item type Book
Holdings
Withdrawn Not for loan Current library Shelving location Date acquired Total Checkouts Full call number Barcode Checked out Date last seen Date last checked out Koha item type Total Renewals
    Perpustakaan Alor Setar Pinjaman Kanak-kanak 27/04/2023 5 K 372.21 ATH A01777942 24/09/2024 03/09/2024 03/09/2024 Book  
    Perpustakaan Awam Sungai Petani Pinjaman Kanak-kanak 27/04/2023 15 K 372.21 ATH A01777943   28/06/2026 14/06/2026 Book 3
    Perpustakaan Jitra Pinjaman Kanak-kanak 27/04/2023 3 K 372.21 ATH A01777944 15/07/2026 24/06/2026 24/06/2026 Book 2
    Perpustakaan Kulim Pinjaman Kanak-kanak 27/04/2023 13 K 372.21 ATH A01777946   26/04/2026 22/02/2026 Book 1
    Perpustakaan Langkawi Pinjaman Kanak-kanak 27/04/2023 8 K 372.21 ATH A01777945   18/06/2025 01/06/2025 Book 1